[Event "DEM U12 2023"]
[Site "Willingen GER"]
[Date "2023.06.03"]
[Round "9"]
[White "Shevchenko, Igor"]
[Black "Deiringer, Julius"]
[Result "1-0"]
[Termination "normal"]
[Board "14"]
[WhiteElo "1432"]
[BlackElo "1742"]
[WhiteClock "00:19:41"]
[BlackClock "00:05:43"]
[PlyCount "89"]
[WhiteFideId "34634924"]
[BlackFideId "16267010"]
[EventCountry "GER"]
[EventRounds "9"]
[EventType "swiss"]
[EventDate "2023.05.27"]

1. d4 {[%clk 01:30:59]} Nf6 {[%clk 01:30:54]} {[%emt 00:00:06]} 2. c4 {[%clk
01:31:25]} {[%emt 00:00:04]} e6 {[%clk 01:31:21]} {[%emt 00:00:03]} 3. Nc3
{[%clk 01:31:48]} {[%emt 00:00:07]} d5 {[%clk 01:31:48]} {[%emt 00:00:03]} 4.
Bg5 {[%clk 01:32:00]} {[%emt 00:00:18]} Be7 {[%clk 01:32:11]} {[%emt 00:00:08]}
5. Nf3 {[%clk 01:32:09]} {[%emt 00:00:21]} h6 {[%clk 01:32:17]} {[%emt
00:00:23]} 6. Bh4 {[%clk 01:32:20]} {[%emt 00:00:19]} O-O {[%clk 01:32:09]}
{[%emt 00:00:38]} 7. e3 {[%clk 01:32:37]} {[%emt 00:00:13]} b6 {[%clk
01:31:56]} {[%emt 00:00:44]} 8. cxd5 {[%clk 01:32:57]} {[%emt 00:00:10]} exd5
{[%clk 01:22:07]} {[%emt 00:10:18]} 9. Bd3 {[%clk 01:33:02]} {[%emt 00:00:26]}
Bb7 {[%clk 01:19:14]} {[%emt 00:03:23]} 10. O-O {[%clk 01:32:10]} {[%emt
00:01:23]} Ne4 {[%clk 01:16:41]} {[%emt 00:03:02]} 11. Bxe7 {[%clk 01:32:27]}
{[%emt 00:00:13]} Qxe7 {[%clk 01:16:59]} {[%emt 00:00:12]} 12. Rc1 {[%clk
01:29:24]} {[%emt 00:03:33]} c5 {[%clk 01:10:44]} {[%emt 00:06:45]} 13. Bb1
{[%clk 01:23:14]} {[%emt 00:06:40]} Rd8 {[%clk 01:05:49]} {[%emt 00:05:24]} 14.
Nd2 {[%clk 01:07:51]} {[%emt 00:15:53]} Nd7 {[%clk 00:57:14]} {[%emt 00:09:05]}
15. Qc2 {[%clk 01:00:40]} {[%emt 00:07:41]} Ndf6 {[%clk 00:53:35]} {[%emt
00:04:09]} 16. dxc5 {[%clk 00:57:20]} {[%emt 00:03:51]} Nxc5 {[%clk 00:47:13]}
{[%emt 00:06:52]} 17. Nf3 {[%clk 00:54:14]} {[%emt 00:03:36]} Nce4 {[%clk
00:45:11]} {[%emt 00:02:32]} 18. Nd4 {[%clk 00:52:16]} {[%emt 00:02:27]} Rac8
{[%clk 00:43:23]} {[%emt 00:02:19]} 19. Qe2 {[%clk 00:51:35]} {[%emt 00:01:05]}
Nxc3 {[%clk 00:41:07]} {[%emt 00:02:51]} 20. bxc3 {[%clk 00:51:42]} {[%emt
00:00:23]} Ne4 {[%clk 00:39:29]} {[%emt 00:02:08]} 21. Qd3 {[%clk 00:48:49]}
{[%emt 00:03:24]} g6 {[%clk 00:35:11]} {[%emt 00:04:47]} 22. Rfd1 {[%clk
00:45:08]} {[%emt 00:04:12]} Re8 {[%clk 00:29:37]} {[%emt 00:06:04]} 23. f3
{[%clk 00:33:36]} {[%emt 00:12:02]} Nc5 {[%clk 00:27:59]} {[%emt 00:02:08]} 24.
Qd2 {[%clk 00:31:21]} {[%emt 00:02:44]} Qxe3+ {[%clk 00:26:27]} {[%emt
00:02:03]} 25. Qxe3 {[%clk 00:31:50]} {[%emt 00:00:02]} Rxe3 {[%clk 00:26:48]}
{[%emt 00:00:08]} 26. Kf2 {[%clk 00:32:06]} {[%emt 00:00:14]} Rce8 {[%clk
00:24:12]} {[%emt 00:03:05]} 27. c4 {[%clk 00:27:24]} {[%emt 00:05:14]} dxc4
{[%clk 00:21:31]} {[%emt 00:03:10]} 28. Rxc4 {[%clk 00:27:19]} {[%emt
00:00:35]} Ba6 {[%clk 00:20:44]} {[%emt 00:01:17]} 29. Rcc1 {[%clk 00:26:40]}
{[%emt 00:01:07]} Bd3 {[%clk 00:19:49]} {[%emt 00:01:27]} 30. Rc3 {[%clk
00:24:55]} {[%emt 00:02:13]} Be2 {[%clk 00:12:51]} {[%emt 00:07:28]} 31. Rxe3
{[%clk 00:24:57]} {[%emt 00:00:29]} Rxe3 {[%clk 00:13:06]} {[%emt 00:00:14]}
32. Nxe2 {[%clk 00:25:15]} {[%emt 00:00:13]} Re8 {[%clk 00:12:11]} {[%emt
00:01:25]} 33. Nc3 {[%clk 00:24:40]} {[%emt 00:01:05]} Kg7 {[%clk 00:12:11]}
{[%emt 00:00:30]} 34. Nb5 {[%clk 00:24:35]} {[%emt 00:00:35]} Re7 {[%clk
00:11:33]} {[%emt 00:01:08]} 35. g4 {[%clk 00:24:10]} {[%emt 00:00:55]} Na4
{[%clk 00:10:32]} {[%emt 00:01:31]} 36. Rd4 {[%clk 00:23:07]} {[%emt 00:01:31]}
Nc5 {[%clk 00:10:32]} {[%emt 00:00:31]} 37. Nc3 {[%clk 00:21:38]} {[%emt
00:02:00]} Ne6 {[%clk 00:10:01]} {[%emt 00:01:01]} 38. Re4 {[%clk 00:21:34]}
{[%emt 00:00:34]} Rc7 {[%clk 00:10:10]} {[%emt 00:00:21]} 39. Ne2 {[%emt
00:00:38]} Rc5 {[%clk 00:09:19]} {[%emt 00:01:19]} 40. Nf4 {[%clk 00:20:56]}
{[%emt 00:01:02]} Ng5 {[%clk 00:08:59]} {[%emt 00:00:50]} 41. Re7 {[%clk
00:20:31]} {[%emt 00:00:53]} Rc3 {[%clk 00:07:49]} {[%emt 00:01:41]} 42. Re3
{[%clk 00:19:49]} {[%emt 00:01:11]} Rc4 {[%clk 00:07:23]} {[%emt 00:00:57]} 43.
Kg3 {[%clk 00:19:44]} {[%emt 00:00:35]} Rc1 {[%clk 00:06:15]} {[%emt 00:01:39]}
44. Bd3 {[%clk 00:19:41]} {[%emt 00:00:31]} Ra1 {[%clk 00:05:43]} {[%emt
00:01:04]} 45. Bc4 {[%emt 00:01:19]} 1-0

[Event "DEM U12 2023"]
[Site "Willingen GER"]
[Date "2023.06.03"]
[Round "9"]
[White "Junge, Mattheo Gabriel"]
[Black "Sepe, Giovanni Paolo"]
[Result "1-0"]
[Termination "normal"]
[Board "15"]
[WhiteElo "1302"]
[BlackElo "1550"]
[WhiteClock "00:17:08"]
[BlackClock "00:25:34"]
[PlyCount "139"]
[WhiteFideId "34605908"]
[BlackFideId "34631909"]
[EventCountry "GER"]
[EventRounds "9"]
[EventType "swiss"]
[EventDate "2023.05.27"]

1. e4 {[%clk 01:30:54]} {[%emt 00:00:05]} c5 {[%clk 01:30:58]} {[%emt
00:00:03]} 2. Ne2 {[%clk 01:29:56]} {[%emt 00:01:27]} Nc6 {[%clk 01:31:24]}
{[%emt 00:00:04]} 3. g3 {[%emt 00:00:41]} g6 {[%emt 00:00:15]} 4. Bg2 {[%clk
01:28:57]} {[%emt 00:00:33]} Bg7 {[%clk 01:31:48]} {[%emt 00:00:06]} 5. c3
{[%clk 01:28:51]} {[%emt 00:00:36]} e5 {[%clk 01:31:43]} {[%emt 00:00:36]} 6.
O-O {[%clk 01:28:55]} {[%emt 00:00:25]} Nge7 {[%clk 01:32:10]} {[%emt
00:00:04]} 7. Na3 {[%clk 01:28:23]} {[%emt 00:01:00]} O-O {[%clk 01:32:33]}
{[%emt 00:00:08]} 8. d3 {[%clk 01:25:15]} {[%emt 00:03:38]} d6 {[%clk
01:32:59]} {[%emt 00:00:05]} 9. Be3 {[%clk 01:25:21]} {[%emt 00:00:24]} Be6
{[%clk 01:33:19]} {[%emt 00:00:11]} 10. Nc2 {[%clk 01:24:57]} {[%emt 00:00:52]}
f5 {[%clk 01:33:38]} {[%emt 00:00:12]} 11. f4 {[%clk 01:23:11]} {[%emt
00:02:16]} b6 {[%clk 01:32:10]} {[%emt 00:01:59]} 12. a4 {[%clk 01:06:47]}
{[%emt 00:16:53]} a5 {[%clk 01:31:48]} {[%emt 00:00:53]} 13. Na3 {[%clk
01:05:30]} {[%emt 00:01:47]} Rc8 {[%clk 01:31:26]} {[%emt 00:00:53]} 14. Nb5
{[%clk 01:00:43]} {[%emt 00:05:17]} fxe4 {[%clk 01:28:25]} {[%emt 00:03:31]}
15. dxe4 {[%clk 00:59:33]} {[%emt 00:01:39]} d5 {[%clk 01:22:23]} {[%emt
00:06:32]} 16. fxe5 {[%clk 00:57:25]} {[%emt 00:02:38]} dxe4 {[%clk 01:20:58]}
{[%emt 00:01:55]} 17. Nd6 {[%clk 00:54:36]} {[%emt 00:03:19]} Nf5 {[%clk
01:08:35]} {[%emt 00:12:54]} 18. Rxf5 {[%clk 00:44:42]} {[%emt 00:10:23]} gxf5
{[%clk 01:08:38]} {[%emt 00:00:27]} 19. Nf4 {[%clk 00:41:34]} {[%emt 00:03:37]}
Bxe5 {[%clk 01:03:41]} {[%emt 00:05:28]} 20. Nxe6 {[%clk 00:41:07]} {[%emt
00:00:57]} Qxd6 {[%clk 01:03:43]} {[%emt 00:00:29]} 21. Qb3 {[%clk 00:40:17]}
{[%emt 00:01:19]} c4 {[%clk 00:59:50]} {[%emt 00:04:23]} 22. Qxc4 {[%clk
00:40:10]} {[%emt 00:00:35]} Nd4 {[%clk 00:59:41]} {[%emt 00:00:41]} 23. Nc5+
{[%clk 00:40:23]} {[%emt 00:00:17]} Rf7 {[%clk 00:57:58]} {[%emt 00:02:14]} 24.
cxd4 {[%clk 00:40:28]} {[%emt 00:00:24]} Bg7 {[%clk 00:57:12]} {[%emt
00:01:16]} 25. Qe6 {[%clk 00:37:22]} {[%emt 00:03:36]} Rd8 {[%clk 00:48:56]}
{[%emt 00:08:46]} 26. Qxd6 {[%clk 00:35:47]} {[%emt 00:02:05]} Rxd6 {[%clk
00:49:20]} {[%emt 00:00:06]} 27. Nb3 {[%clk 00:35:38]} {[%emt 00:00:39]} Rfd7
{[%emt 00:01:15]} 28. Bh3 {[%clk 00:32:26]} {[%emt 00:03:13]} Rd5 {[%clk
00:49:17]} {[%emt 00:00:17]} 29. Rf1 {[%clk 00:32:00]} {[%emt 00:00:56]} Rf7
{[%clk 00:47:45]} {[%emt 00:02:03]} 30. Rc1 {[%clk 00:31:59]} {[%emt 00:00:30]}
b5 {[%clk 00:42:09]} {[%emt 00:06:06]} 31. Bf1 {[%clk 00:30:38]} {[%emt
00:01:50]} Kf8 {[%clk 00:40:20]} {[%emt 00:02:20]} 32. Bxb5 {[%clk 00:29:54]}
{[%emt 00:01:14]} Ra7 {[%clk 00:39:05]} {[%emt 00:01:45]} 33. Rc8+ {[%clk
00:30:11]} {[%emt 00:00:13]} Ke7 {[%clk 00:39:24]} {[%emt 00:00:11]} 34. Bc4
{[%clk 00:27:30]} {[%emt 00:03:10]} Rdd7 {[%clk 00:38:39]} {[%emt 00:01:16]}
35. Rc5 {[%clk 00:24:55]} {[%emt 00:03:04]} Rdc7 {[%clk 00:32:28]} {[%emt
00:06:42]} 36. d5 {[%clk 00:20:53]} {[%emt 00:04:32]} Be5 {[%clk 00:27:58]}
{[%emt 00:05:00]} 37. Rxa5 {[%clk 00:16:37]} {[%emt 00:04:46]} Rxa5 {[%clk
00:28:20]} {[%emt 00:00:08]} 38. Nxa5 {[%clk 00:17:01]} {[%emt 00:00:05]} Bxb2
{[%clk 00:26:30]} {[%emt 00:02:21]} 39. Nc6+ {[%clk 00:17:14]} {[%emt
00:00:17]} Kf6 {[%clk 00:25:52]} {[%emt 00:01:09]} 40. a5 {[%clk 00:17:20]}
{[%emt 00:00:23]} f4 {[%clk 00:22:54]} {[%emt 00:03:28]} 41. Bxf4 {[%clk
00:16:57]} {[%emt 00:00:53]} Bd4+ {[%clk 00:23:10]} {[%emt 00:00:15]} 42. Kg2
{[%clk 00:16:48]} {[%emt 00:00:38]} Rc8 {[%clk 00:22:42]} {[%emt 00:00:59]} 43.
a6 {[%clk 00:17:01]} {[%emt 00:00:17]} Bc5 {[%clk 00:21:27]} {[%emt 00:01:46]}
44. Bb8 {[%clk 00:16:23]} {[%emt 00:01:08]} Kf5 {[%clk 00:20:46]} {[%emt
00:01:12]} 45. a7 {[%clk 00:16:36]} {[%emt 00:00:17]} Bxa7 {[%clk 00:21:09]}
{[%emt 00:00:07]} 46. Bxa7 {[%clk 00:17:00]} {[%emt 00:00:05]} Rc7 {[%clk
00:20:54]} {[%emt 00:00:45]} 47. Nd4+ {[%clk 00:15:46]} {[%emt 00:01:44]} Kf6
{[%clk 00:21:05]} {[%emt 00:00:19]} 48. Nc6 {[%clk 00:16:00]} {[%emt 00:00:16]}
Rd7 {[%clk 00:20:29]} {[%emt 00:01:07]} 49. Bd4+ {[%clk 00:15:44]} {[%emt
00:00:45]} Kf5 {[%clk 00:20:24]} {[%emt 00:00:35]} 50. Ne5 {[%clk 00:15:33]}
{[%emt 00:00:40]} Rd6 {[%clk 00:20:12]} {[%emt 00:00:43]} 51. Nf7 {[%clk
00:15:36]} {[%emt 00:00:27]} Rd7 {[%clk 00:20:10]} {[%emt 00:00:33]} 52. d6
{[%clk 00:15:53]} {[%emt 00:00:12]} e3 {[%clk 00:20:15]} {[%emt 00:00:25]} 53.
Bxe3 {[%clk 00:14:31]} {[%emt 00:01:51]} Ke4 {[%clk 00:20:38]} {[%emt
00:00:08]} 54. Bc5 {[%clk 00:14:10]} {[%emt 00:00:50]} Kf5 {[%clk 00:20:47]}
{[%emt 00:00:22]} 55. g4+ {[%clk 00:13:20]} {[%emt 00:01:19]} Ke4 {[%clk
00:21:08]} {[%emt 00:00:10]} 56. Be6 {[%clk 00:13:25]} {[%emt 00:00:24]} Rb7
{[%clk 00:21:16]} {[%emt 00:00:23]} 57. d7 {[%clk 00:13:38]} {[%emt 00:00:16]}
Rb2+ {[%clk 00:21:40]} {[%emt 00:00:07]} 58. Kg3 {[%clk 00:13:44]} {[%emt
00:00:23]} Rb3+ {[%clk 00:22:03]} {[%emt 00:00:08]} 59. Bxb3 {[%clk 00:14:07]}
{[%emt 00:00:07]} h5 {[%clk 00:22:22]} {[%emt 00:00:10]} 60. Nd6+ {[%clk
00:14:21]} {[%emt 00:00:16]} Ke5 {[%clk 00:22:49]} {[%emt 00:00:03]} 61. Bd4+
{[%clk 00:14:35]} {[%emt 00:00:16]} Kxd4 {[%clk 00:22:39]} {[%emt 00:00:58]}
62. d8=Q {[%emt 00:00:24]} h4+ {[%clk 00:23:01]} {[%emt 00:00:06]} 63. Kf3
{[%clk 00:14:54]} {[%emt 00:00:18]} h3 {[%clk 00:23:22]} {[%emt 00:00:09]} 64.
Nf5+ {[%clk 00:15:15]} {[%emt 00:00:09]} Kc5 {[%clk 00:23:45]} {[%emt
00:00:08]} 65. Qd6+ {[%clk 00:15:34]} {[%emt 00:00:10]} Kb5 {[%clk 00:24:08]}
{[%emt 00:00:07]} 66. Nd4+ {[%clk 00:15:44]} {[%emt 00:00:19]} Ka5 {[%clk
00:24:31]} {[%emt 00:00:07]} 67. Qc5+ {[%clk 00:15:59]} {[%emt 00:00:16]} Ka6
{[%clk 00:24:53]} {[%emt 00:00:08]} 68. Qb5+ {[%clk 00:16:11]} {[%emt
00:00:17]} Ka7 {[%clk 00:25:16]} {[%emt 00:00:08]} 69. Nc6+ {[%clk 00:16:39]}
{[%emt 00:00:02]} Ka8 {[%clk 00:25:34]} {[%emt 00:00:06]} 70. Qb8# {[%clk
00:17:08]} 1-0

[Event "DEM U12 2023"]
[Site "Willingen GER"]
[Date "2023.06.03"]
[Round "9"]
[White "Merenda, Lukas-Benedikt"]
[Black "Charchulla, Moritz"]
[Result "1-0"]
[Termination "normal"]
[Board "16"]
[WhiteElo "1479"]
[BlackElo "1063"]
[WhiteClock "00:36:13"]
[BlackClock "00:25:44"]
[PlyCount "67"]
[WhiteFideId "34603336"]
[BlackFideId "34607579"]
[EventCountry "GER"]
[EventRounds "9"]
[EventType "swiss"]
[EventDate "2023.05.27"]

1. e4 {[%clk 01:30:59]} e5 {[%clk 01:30:56]} {[%emt 00:00:05]} 2. Bc4 {[%clk
01:31:25]} {[%emt 00:00:03]} Nf6 {[%clk 01:31:21]} {[%emt 00:00:05]} 3. d3
{[%clk 01:31:50]} {[%emt 00:00:05]} c6 {[%clk 01:31:44]} {[%emt 00:00:07]} 4.
Nf3 {[%clk 01:32:16]} {[%emt 00:00:04]} d5 {[%clk 01:32:09]} {[%emt 00:00:06]}
5. Bb3 {[%clk 01:32:42]} {[%emt 00:00:03]} a5 {[%clk 01:32:33]} {[%emt
00:00:06]} 6. a3 {[%clk 01:32:51]} {[%emt 00:00:22]} Bd6 {[%clk 01:32:17]}
{[%emt 00:00:46]} 7. Nc3 {[%clk 01:33:10]} {[%emt 00:00:11]} Be6 {[%clk
01:32:23]} {[%emt 00:00:24]} 8. Bg5 {[%clk 01:20:48]} {[%emt 00:12:51]} d4
{[%clk 01:30:17]} {[%emt 00:02:36]} 9. Ne2 {[%clk 01:19:57]} {[%emt 00:01:21]}
Bxb3 {[%clk 01:28:07]} {[%emt 00:02:40]} 10. cxb3 {[%clk 01:20:25]} {[%emt
00:00:03]} Nbd7 {[%clk 01:23:06]} {[%emt 00:05:30]} 11. Ng3 {[%clk 01:18:04]}
{[%emt 00:02:50]} h6 {[%clk 01:19:04]} {[%emt 00:04:31]} 12. Bc1 {[%clk
01:17:01]} {[%emt 00:01:34]} O-O {[%clk 01:13:51]} {[%emt 00:05:43]} 13. Nh4
{[%clk 01:12:30]} {[%emt 00:05:01]} Nxe4 {[%clk 01:12:16]} {[%emt 00:02:05]}
14. Nxe4 {[%clk 01:12:12]} {[%emt 00:00:48]} Bxa3 {[%clk 01:04:51]} {[%emt
00:07:56]} 15. Nf5 {[%clk 01:06:10]} {[%emt 00:06:32]} Bb4+ {[%clk 00:58:59]}
{[%emt 00:06:22]} 16. Bd2 {[%clk 01:03:42]} {[%emt 00:02:58]} Bxd2+ {[%clk
00:54:37]} {[%emt 00:04:52]} 17. Qxd2 {[%clk 01:03:08]} {[%emt 00:01:05]} Qb6
{[%clk 00:51:52]} {[%emt 00:03:15]} 18. O-O {[%clk 00:54:34]} {[%emt 00:09:04]}
Qxb3 {[%clk 00:48:17]} {[%emt 00:04:05]} 19. f4 {[%clk 00:52:23]} {[%emt
00:02:40]} Rfd8 {[%clk 00:40:14]} {[%emt 00:08:34]} 20. fxe5 {[%clk 00:47:27]}
{[%emt 00:05:27]} Nxe5 {[%clk 00:40:30]} {[%emt 00:00:13]} 21. Nxh6+ {[%clk
00:46:59]} {[%emt 00:00:58]} Kf8 {[%clk 00:38:31]} {[%emt 00:02:29]} 22. Ra3
{[%clk 00:46:33]} {[%emt 00:00:56]} Qb4 {[%clk 00:34:21]} {[%emt 00:04:39]} 23.
Qf4 {[%clk 00:44:28]} {[%emt 00:02:36]} Qe7 {[%clk 00:27:34]} {[%emt 00:07:17]}
24. Nf5 {[%clk 00:43:31]} {[%emt 00:01:27]} Qe6 {[%clk 00:27:04]} {[%emt
00:01:00]} 25. Ng5 {[%clk 00:41:01]} {[%emt 00:03:00]} Qe8 {[%clk 00:26:19]}
{[%emt 00:01:15]} 26. Qh4 {[%clk 00:39:34]} {[%emt 00:01:56]} Ng6 {[%clk
00:26:03]} {[%emt 00:00:47]} 27. Qh7 {[%clk 00:37:41]} {[%emt 00:02:23]} Qe5
{[%clk 00:26:13]} {[%emt 00:00:19]} 28. Nh6 {[%clk 00:35:41]} {[%emt 00:02:30]}
Qe3+ {[%clk 00:25:06]} {[%emt 00:01:37]} 29. Kh1 {[%clk 00:35:45]} {[%emt
00:00:25]} Nf4 {[%clk 00:24:16]} {[%emt 00:01:20]} 30. Qg8+ {[%clk 00:35:14]}
{[%emt 00:01:03]} Ke7 {[%clk 00:24:38]} {[%emt 00:00:07]} 31. Qxf7+ {[%clk
00:35:35]} {[%emt 00:00:09]} Kd6 {[%clk 00:25:01]} {[%emt 00:00:07]} 32. Nf5+
{[%clk 00:35:57]} {[%emt 00:00:07]} Kc5 {[%clk 00:25:21]} {[%emt 00:00:10]} 33.
Nxe3 {[%clk 00:36:06]} {[%emt 00:00:22]} dxe3 {[%clk 00:25:44]} {[%emt
00:00:08]} 34. Qxf4 {[%clk 00:36:13]} {[%emt 00:00:23]} 1-0

[Event "DEM U12 2023"]
[Site "Willingen GER"]
[Date "2023.06.03"]
[Round "9"]
[White "Wang, Kaiwen"]
[Black "Schmitz, Constantin"]
[Result "1/2-1/2"]
[Termination "normal"]
[Board "17"]
[WhiteElo "1333"]
[BlackElo "1577"]
[WhiteClock "00:44:43"]
[BlackClock "00:16:12"]
[PlyCount "69"]
[WhiteFideId "16279514"]
[BlackFideId "16274660"]
[EventCountry "GER"]
[EventRounds "9"]
[EventType "swiss"]
[EventDate "2023.05.27"]

1. e4 {[%clk 01:30:58]} {[%emt 00:00:02]} c5 {[%clk 01:30:56]} {[%emt
00:00:04]} 2. Nf3 {[%clk 01:31:23]} {[%emt 00:00:04]} Nc6 {[%clk 01:31:22]}
{[%emt 00:00:05]} 3. d4 {[%clk 01:31:44]} {[%emt 00:00:08]} cxd4 {[%clk
01:31:42]} {[%emt 00:00:11]} 4. Nxd4 {[%clk 01:32:09]} {[%emt 00:00:05]} g6
{[%clk 01:31:47]} {[%emt 00:00:25]} 5. c4 {[%clk 01:32:19]} {[%emt 00:00:20]}
Bg7 {[%clk 01:32:04]} {[%emt 00:00:12]} 6. Be3 {[%clk 01:32:36]} {[%emt
00:00:13]} Nf6 {[%clk 01:32:02]} {[%emt 00:00:33]} 7. Nc3 {[%clk 01:32:46]}
{[%emt 00:00:21]} O-O {[%clk 01:32:02]} {[%emt 00:00:30]} 8. Be2 {[%clk
01:32:59]} {[%emt 00:00:15]} Nxd4 {[%clk 01:32:28]} {[%emt 00:00:06]} 9. Bxd4
{[%clk 01:32:53]} {[%emt 00:00:36]} d6 {[%clk 01:32:36]} {[%emt 00:00:22]} 10.
O-O {[%clk 01:32:49]} {[%emt 00:00:33]} a5 {[%clk 01:31:59]} {[%emt 00:01:08]}
11. f4 {[%clk 01:32:27]} {[%emt 00:00:51]} Nd7 {[%clk 01:24:49]} {[%emt
00:07:41]} 12. Bxg7 {[%clk 01:32:51]} {[%emt 00:00:05]} Kxg7 {[%clk 01:25:13]}
{[%emt 00:00:07]} 13. Kh1 {[%clk 01:33:08]} {[%emt 00:00:12]} Nc5 {[%clk
01:24:10]} {[%emt 00:01:34]} 14. Qd4+ {[%clk 01:33:24]} {[%emt 00:00:13]} Kg8
{[%clk 01:24:21]} {[%emt 00:00:22]} 15. Rad1 {[%clk 01:33:12]} {[%emt
00:00:37]} Ra6 {[%clk 01:17:14]} {[%emt 00:07:41]} 16. f5 {[%clk 01:30:44]}
{[%emt 00:02:58]} e5 {[%clk 01:12:06]} {[%emt 00:05:38]} 17. Qe3 {[%clk
01:26:09]} {[%emt 00:05:03]} g5 {[%clk 01:02:52]} {[%emt 00:09:46]} 18. f6
{[%clk 01:21:02]} {[%emt 00:05:37]} h6 {[%clk 00:56:40]} {[%emt 00:06:42]} 19.
Qf3 {[%clk 01:18:10]} {[%emt 00:03:17]} Ne6 {[%clk 00:50:53]} {[%emt 00:06:23]}
20. g3 {[%clk 01:16:34]} {[%emt 00:02:06]} Nd4 {[%clk 00:48:31]} {[%emt
00:02:52]} 21. Qh5 {[%clk 01:16:50]} {[%emt 00:00:08]} Kh7 {[%clk 00:48:24]}
{[%emt 00:00:42]} 22. Bg4 {[%clk 01:15:05]} {[%emt 00:02:07]} Bxg4 {[%clk
00:45:41]} {[%emt 00:03:21]} 23. Qxg4 {[%clk 01:15:23]} {[%emt 00:00:12]} Qc8
{[%clk 00:46:03]} {[%emt 00:00:08]} 24. Qh5 {[%clk 01:14:22]} {[%emt 00:01:21]}
Qxc4 {[%clk 00:43:45]} {[%emt 00:02:58]} 25. h4 {[%clk 01:10:36]} {[%emt
00:04:14]} gxh4 {[%clk 00:39:47]} {[%emt 00:04:31]} 26. Qxh4 {[%clk 01:07:50]}
{[%emt 00:03:15]} Qe6 {[%clk 00:33:11]} {[%emt 00:07:07]} 27. Rd2 {[%clk
01:05:25]} {[%emt 00:02:51]} Rh8 {[%clk 00:27:53]} {[%emt 00:05:51]} 28. Nd5
{[%clk 01:04:12]} {[%emt 00:01:42]} Kg8 {[%clk 00:22:25]} {[%emt 00:06:00]} 29.
Nc7 {[%clk 01:04:29]} {[%emt 00:00:13]} Qc8 {[%clk 00:21:49]} {[%emt 00:01:06]}
30. Nxa6 {[%clk 01:04:46]} {[%emt 00:00:13]} bxa6 {[%clk 00:22:19]} 31. Rd3
{[%clk 01:03:24]} {[%emt 00:01:48]} Kh7 {[%clk 00:20:06]} {[%emt 00:02:46]} 32.
Rc3 {[%clk 01:02:31]} {[%emt 00:01:24]} Qb7 {[%clk 00:18:26]} {[%emt 00:02:08]}
33. b3 {[%clk 00:58:56]} {[%emt 00:04:06]} Rg8 {[%clk 00:17:52]} {[%emt
00:01:03]} 34. Re1 {[%clk 00:56:55]} {[%emt 00:02:29]} Qb4 {[%clk 00:16:12]}
{[%emt 00:02:14]} 35. Ree3 {[%clk 00:44:43]} {[%emt 00:12:41]} 1/2-1/2

[Event "DEM U12 2023"]
[Site "Willingen GER"]
[Date "2023.06.03"]
[Round "9"]
[White "Zimmer, Tim"]
[Black "Prashanthakumar, Arju"]
[Result "0-1"]
[Termination "normal"]
[Board "19"]
[WhiteElo "1258"]
[BlackElo "1291"]
[WhiteClock "00:00:44"]
[BlackClock "00:07:40"]
[PlyCount "60"]
[WhiteFideId "34603115"]
[BlackFideId "34604065"]
[EventCountry "GER"]
[EventRounds "9"]
[EventType "swiss"]
[EventDate "2023.05.27"]

1. e4 {[%clk 01:30:51]} {[%emt 00:00:08]} e6 {[%clk 01:30:53]} {[%emt
00:00:08]} 2. d4 {[%clk 01:31:17]} {[%emt 00:00:04]} d5 {[%clk 01:31:19]}
{[%emt 00:00:04]} 3. Nc3 {[%clk 01:31:42]} {[%emt 00:00:06]} Nf6 {[%clk
01:31:39]} {[%emt 00:00:09]} 4. Bg5 {[%clk 01:32:03]} {[%emt 00:00:08]} Be7
{[%clk 01:31:15]} {[%emt 00:00:55]} 5. e5 {[%clk 01:32:25]} {[%emt 00:00:09]}
Nfd7 {[%clk 01:31:39]} {[%emt 00:00:05]} 6. h4 {[%clk 01:32:46]} {[%emt
00:00:08]} h6 {[%clk 01:29:10]} {[%emt 00:03:00]} 7. Bxe7 {[%clk 01:31:45]}
{[%emt 00:01:31]} Qxe7 {[%clk 01:28:56]} {[%emt 00:00:44]} 8. f4 {[%clk
01:27:50]} {[%emt 00:04:25]} a6 {[%clk 01:26:30]} {[%emt 00:02:57]} 9. Nf3
{[%clk 01:21:51]} {[%emt 00:06:27]} c5 {[%clk 01:26:12]} {[%emt 00:00:49]} 10.
Qd2 {[%clk 01:11:27]} {[%emt 00:10:54]} Nc6 {[%clk 01:23:54]} {[%emt 00:02:48]}
11. Be2 {[%clk 01:03:32]} {[%emt 00:08:24]} b5 {[%clk 01:18:03]} {[%emt
00:06:22]} 12. g4 {[%clk 01:01:32]} {[%emt 00:02:30]} Bb7 {[%clk 01:14:37]}
{[%emt 00:03:56]} 13. O-O-O {[%clk 00:53:57]} {[%emt 00:08:05]} Rc8 {[%clk
01:04:26]} {[%emt 00:10:41]} 14. g5 {[%clk 00:40:49]} {[%emt 00:13:38]} cxd4
{[%clk 00:52:17]} {[%emt 00:12:40]} 15. Nxd4 {[%clk 00:39:53]} {[%emt
00:01:25]} Nb6 {[%clk 00:48:51]} {[%emt 00:03:56]} 16. Qe3 {[%clk 00:29:40]}
{[%emt 00:10:43]} Nxd4 {[%clk 00:43:58]} {[%emt 00:05:24]} 17. Qxd4 {[%clk
00:27:33]} {[%emt 00:02:36]} Nc4 {[%clk 00:41:39]} {[%emt 00:02:50]} 18. f5
{[%clk 00:17:04]} {[%emt 00:10:58]} hxg5 {[%clk 00:32:14]} {[%emt 00:09:54]}
19. fxe6 {[%clk 00:13:52]} {[%emt 00:03:43]} fxe6 {[%clk 00:31:56]} {[%emt
00:00:48]} 20. Rdg1 {[%clk 00:08:59]} {[%emt 00:05:23]} Rxh4 {[%clk 00:26:23]}
{[%emt 00:06:03]} 21. Rxh4 {[%clk 00:08:23]} {[%emt 00:01:04]} gxh4 {[%clk
00:26:39]} {[%emt 00:00:15]} 22. Rg6 {[%clk 00:07:44]} {[%emt 00:01:10]} Kd7
{[%clk 00:18:43]} {[%emt 00:08:26]} 23. Bg4 {[%clk 00:06:52]} {[%emt 00:01:22]}
Rc6 {[%clk 00:16:49]} {[%emt 00:02:23]} 24. Nxd5 {[%clk 00:04:51]} {[%emt
00:02:31]} Qf7 {[%clk 00:13:49]} {[%emt 00:03:30]} 25. Nf4+ {[%clk 00:03:16]}
{[%emt 00:02:04]} Kc7 {[%clk 00:09:16]} {[%emt 00:05:03]} 26. Bxe6 {[%clk
00:01:35]} {[%emt 00:02:12]} Qf8 {[%clk 00:08:32]} {[%emt 00:01:14]} 27. Bh3
{[%clk 00:00:42]} {[%emt 00:01:18]} Rxg6 {[%clk 00:08:30]} {[%emt 00:00:38]}
28. Nxg6 {[%clk 00:00:51]} {[%emt 00:00:21]} Qd8 {[%clk 00:08:18]} {[%emt
00:00:42]} 29. Qf4 {[%clk 00:00:37]} {[%emt 00:00:39]} Bf3 {[%clk 00:07:20]}
{[%emt 00:01:31]} 30. e6+ {[%clk 00:00:44]} {[%emt 00:00:23]} Kb6 {[%clk
00:07:40]} {[%emt 00:00:11]} 0-1